000 00456nam a2200181Ia 4500
001 9299
005 20260306161708.0
008 260306t2018||||xx |||||||||||||| ||spa||
041 _aESP
082 _a378.0985
_bM26
100 _aMartínez Laya, Jesús
_eAUT
245 0 _aSan Marcos:
_btestimonio histórico-documental, 1551-1820
260 _c2018
300 _a106 páginas :
_c24 cm.
650 _aGEN
654 _aCHU
942 _cLIB
_dJUS
_fJUS
_2ddc
_n
999 _c9299
_d9299